| 000 | 00470nam a22001817a 4500 | ||
|---|---|---|---|
| 003 | MPLRDC | ||
| 005 | 20220104201409.0 | ||
| 008 | 210129b ||||| |||| 00| 0 eng d | ||
| 020 | _a978-983-3860-11-1 | ||
| 082 | _a947.415 HSSM-6 | ||
| 100 | _a黑色水母 | ||
| 245 |
_a阿母的时间 _c |
||
| 260 |
_a马来西亚 _b青苹果工作室 _c |
||
| 300 | _b平 | ||
| 520 | _a上架 2017-07-16。 | ||
| 650 | _a漫画--多格 多单元 | ||
| 942 |
_cBK _o947.415 HSSM-6 |
||
| 999 |
_c67153 _d67143 |
||